Word Biblical commentary : (Record no. 24117)
[ view plain ]
| 000 -LEADER | |
|---|---|
| fixed length control field | 01093nam a22002897a 4500 |
| 003 - CONTROL NUMBER IDENTIFIER | |
| control field | AUA.1 |
| 005 - DATE AND TIME OF LATEST TRANSACTION | |
| control field | 20240112074938.0 |
| 008 - FIXED-LENGTH DATA ELEMENTS--GENERAL INFORMATION | |
| fixed length control field | 111222t xxu||||| |||| 00| 0 eng d |
| 010 ## - LIBRARY OF CONGRESS CONTROL NUMBER | |
| LC control number | 8171768 |
| 020 ## - INTERNATIONAL STANDARD BOOK NUMBER | |
| International Standard Book Number | 9780310522126 |
| 040 ## - CATALOGING SOURCE | |
| Transcribing agency | F |
| 050 ## - LIBRARY OF CONGRESS CALL NUMBER | |
| Classification number | BS 491.2 |
| Item number | .W67 2001 |
| 100 ## - MAIN ENTRY--PERSONAL NAME | |
| Personal name | Christensen, Duane L. |
| 9 (RLIN) | 18357 |
| 245 ## - TITLE STATEMENT | |
| Title | Word Biblical commentary : |
| Remainder of title | Deuteronomy 21:10-34:12 / |
| Statement of responsibility, etc | Duane L. Christensen |
| 260 ## - PUBLICATION, DISTRIBUTION, ETC. (IMPRINT) | |
| Place of publication, distribution, etc | Grand Rapids, Michigan : |
| Name of publisher, distributor, etc | Zondervan, |
| Date of publication, distribution, etc | c1997 |
| 300 ## - PHYSICAL DESCRIPTION | |
| Extent | xxxii, 409 p. : |
| Dimensions | 24 cm |
| 440 ## - SERIES STATEMENT/ADDED ENTRY--TITLE | |
| Title | Word Biblical commentary |
| Number of part/section of a work | v. 6B |
| 9 (RLIN) | 48877 |
| 504 ## - BIBLIOGRAPHY, ETC. NOTE | |
| Bibliography, etc | Include bibliography and index. |
| 650 ## - SUBJECT ADDED ENTRY--TOPICAL TERM | |
| Topical term or geographic name as entry element | Word Biblical commentary: |
| Form subdivision | Deuteronomy 21:10-34:12 |
| General subdivision | Bible |
| Chronological subdivision | commentaries |
| 9 (RLIN) | 18358 |
| 700 ## - ADDED ENTRY--PERSONAL NAME | |
| Personal name | Hubbard, David A. |
| Relator code | General ed. |
| 9 (RLIN) | 48847 |
| 700 ## - ADDED ENTRY--PERSONAL NAME | |
| Personal name | Barker, Glenn W. |
| Relator code | General ed. |
| 9 (RLIN) | 48848 |
| 700 ## - ADDED ENTRY--PERSONAL NAME | |
| Personal name | Watts, John D. |
| Relator code | Old Testament editor |
| 700 ## - ADDED ENTRY--PERSONAL NAME | |
| Personal name | Watts Jmaes W. |
| Relator code | Old Testament editor |
| 700 ## - ADDED ENTRY--PERSONAL NAME | |
| Personal name | Martin, Ralph P. |
| Relator code | New Testament ed. |
| 9 (RLIN) | 48850 |
| 700 ## - ADDED ENTRY--PERSONAL NAME | |
| Personal name | Lynn Allan Losie |
| Relator code | New Testament ed. |
| 942 ## - ADDED ENTRY ELEMENTS (KOHA) | |
| Source of classification or shelving scheme | Library of Congress Classification |
| Koha item type | Reference Book |
| Classification part | BS 491.2 |
| Item part | .W67 1997 |
| Withdrawn status | Lost status | Source of classification or shelving scheme | Damaged status | Not for loan | Collection code | Home library | Current library | Shelving location | Date acquired | Source of acquisition | Cost, normal purchase price | Serial Enumeration / chronology | Total Checkouts | Full call number | Barcode | Date last seen | Date checked out | Copy number | Cost, replacement price | Price effective from | Koha item type |
|---|---|---|---|---|---|---|---|---|---|---|---|---|---|---|---|---|---|---|---|---|---|
| Library of Congress Classification | Reference Shelves | Judith Thomas Library | Judith Thomas Library | Reference Books | 27/07/2016 | Bought by JTL | 30.01 | AUA018225 | 2 | BS 491.2 .W67 1997 | AUA018225 | 24/04/2017 | 23/04/2017 | v.6B,c.2 | 30.01 | 27/07/2016 | Reference Book | ||||
| Library of Congress Classification | Reference Shelves | Judith Thomas Library | Judith Thomas Library | Reference Books | 03/03/2019 | Bought by JTL | 30.64 | AUA24457 | BS 491.2 .W67 1997 | AUA24457 | 03/03/2019 | v.6B | 30.64 | 03/03/2019 | Reference Book |